El libro del láser

Bewaard in:
Bibliografische gegevens
Hoofdauteur: Davison, Tim (Auteur)
Formaat: Boek
Taal:Spaans
Gepubliceerd in: Barcelona Paidotribo 2007
Editie:1a. ed
Reeks:Colección Náutica y Vela
Onderwerpen:
Tags: Voeg label toe
Geen labels, Wees de eerste die dit record labelt!

MARC

LEADER 00000nam a2200000 a 4500
001 UCG3248
003 CL-VaPUC
008 100819e20070000SP |||||||||||||||||spa|d
020 |a 9788480198899 
082 0 4 |a 623.89  |b DAV  |2 21 
100 0 |a Davison, Tim  |e author  |9 552211 
245 1 3 |a El libro del láser 
250 |a 1a. ed 
300 |a 125 p 
942 |c BK 
945 |d 20100819 00:00:00  |a mfarfan 
260 |a Barcelona  |b Paidotribo  |c 2007 
650 0 |a Navegación   |9 255384 
650 0 |a Botes a vela  |9 552212 
650 7 |a DEPORTE  |2 CL-VaPUC  |9 552213 
650 7 |a DEPORTES ACUATICOS  |2 CL-VaPUC  |9 262007 
583 |a last modification  |c 20100819 00:00:00  |k Rodrigo Vera 
490 0 |a Colección Náutica y Vela 
999 |c 342319  |d 342317 
952 |0 0  |1 0  |4 0  |6 623_890000000000000_DAV_2007  |7 0  |8 C  |9 438463  |a BIBCUR  |b BIBCUR  |d 2019-11-22  |i 4707613  |o 623.89 DAV 2007  |p 4707613  |r 2025-04-22  |w 2019-11-22  |y BK  |k DEN